[Event "Managua Bayardo Muniz Memorial 5th"]
[Site "Managua"]
[Date "2023.03.18"]
[Round "4"]
[White "Quintero, Armando"]
[Black "Valle Alonso, Moises Abraham"]
[Result "1-0"]
[WhiteElo "1801"]
[BlackElo "1838"]
[PlyCount "33"]
[EventDate "2023.03.10"]
[EventType "tourn"]
[EventRounds "9"]
[EventCountry "NCA"]
[SourceTitle "EXT 2024"]
[Source "ChessBase"]
[SourceDate "2023.10.10"]
[SourceVersion "1"]
[SourceVersionDate "2023.10.10"]
[SourceQuality "1"]

1. Nf3 Nf6 2. c4 g6 3. g3 c5 4. Nc3 Bg7 5. Bg2 Nc6 6. 0-0 0-0 7. d4 cxd4 8. Nxd4 Nxd4 9. Qxd4 d6 10. h3 Qa5 11. Bd2 Qh5 12. g4 Qh4 13. Qe3 h5 14. g5 Nd7 15. f4 e5 16. Be1 exf4 17. Qe7 1-0

[Event "Managua Bayardo Muniz Memorial 5th"]
[Site "Managua"]
[Date "2023.03.12"]
[Round "3"]
[White "Vasquez, Jose Luis"]
[Black "Quintero, Armando"]
[Result "1-0"]
[WhiteElo "1737"]
[BlackElo "1801"]
[PlyCount "66"]
[EventDate "2023.03.10"]
[EventType "tourn"]
[EventRounds "9"]
[EventCountry "NCA"]
[SourceTitle "EXT 2024"]
[Source "ChessBase"]
[SourceDate "2023.10.10"]
[SourceVersion "1"]
[SourceVersionDate "2023.10.10"]
[SourceQuality "1"]

1. d4 Nf6 2. c4 e6 3. g3 Bb4+ 4. Nc3 d5 5. a3 Bxc3+ 6. bxc3 0-0 7. Bg2 c6 8. Qb3 Nbd7 9. Nf3 b6 10. cxd5 cxd5 11. 0-0 Ba6 12. Re1 Ne4 13. Nd2 Ndf6 14. f3 Nd6 15. e4 Nc4 16. e5 Nd7 17. Nf1 Rc8 18. Ne3 Na5 19. Qc2 Qc7 20. Bd2 Nc4 21. Nxc4 Bxc4 22. f4 Qb7 23. Re3 g6 24. g4 Kh8 25. f5 gxf5 26. gxf5 Rg8 27. Rh3 Nxe5 28. dxe5 Rxg2+ 29. Kxg2 d4+ 30. Kf2 Qd5 31. Bf4 d3 32. Qd1 Qc5+ 33. Be3 Qxe5 1-0

[Event "Managua Bayardo Muniz Memorial 5th"]
[Site "Managua"]
[Date "2023.03.10"]
[Round "1"]
[White "Vallecillo, Saul"]
[Black "Quintero, Armando"]
[Result "1-0"]
[WhiteElo "1884"]
[BlackElo "1801"]
[PlyCount "58"]
[EventDate "2023.03.10"]
[EventType "tourn"]
[EventRounds "9"]
[EventCountry "NCA"]
[SourceTitle "EXT 2024"]
[Source "ChessBase"]
[SourceDate "2023.10.10"]
[SourceVersion "1"]
[SourceVersionDate "2023.10.10"]
[SourceQuality "1"]

1. e4 d5 2. exd5 Qxd5 3. Nc3 Qd8 4. d4 Nf6 5. Nf3 Bg4 6. Be2 e6 7. Bf4 c6 8. 0-0 Nbd7 9. Ne5 Nxe5 10. dxe5 Bxe2 11. Qxe2 Nd5 12. Nxd5 exd5 13. Qg4 h5 14. Qf5 g6 15. Qd3 Qd7 16. e6 fxe6 17. Qxg6+ Qf7 18. Qxf7+ Kxf7 19. Rfe1 Bg7 20. Be5 Rag8 21. Bxg7 Rxg7 22. Re5 Rhg8 23. g3 h4 24. Kg2 hxg3 25. fxg3 Rg5 26. Rf1+ Ke7 27. Rxg5 Rxg5 28. h4 Rg8 29. Kh3 b5 1-0

[Event "Managua Ramirez de Arellano Memorial"]
[Site "Managua"]
[Date "2022.08.07"]
[Round "9"]
[White "Allen Montes, Charles Mijail"]
[Black "Quintero, Armando"]
[Result "0-1"]
[WhiteElo "1429"]
[BlackElo "1809"]
[PlyCount "72"]
[EventDate "2022.07.23"]
[EventType "swiss"]
[EventRounds "9"]
[EventCountry "NCA"]
[SourceTitle "EXT 2024"]
[Source "ChessBase"]
[SourceDate "2023.10.10"]
[SourceVersion "1"]
[SourceVersionDate "2023.10.10"]
[SourceQuality "1"]

1. d4 Nf6 2. c4 e6 3. Nc3 d5 4. e3 c6 5. Nf3 Nbd7 6. Be2 Bd6 7. b3 0-0 8. Bb2 Re8 9. Qc2 e5 10. cxd5 exd4 11. dxc6 Ne5 12. Nxd4 bxc6 13. 0-0 Nfg4 14. Bxg4 Nxg4 15. h3 Nh2 16. Rfd1 c5 17. Ndb5 Nf3+ 18. Kf1 Nh2+ 19. Ke2 Ba6 20. Rd5 Qb6 21. a4 Be5 22. Qd3 Bb7 23. a5 Qh6 24. Rd1 Bxd5 25. Qxd5 Qg6 26. Rd3 h6 27. Bc1 a6 28. Na3 Rad8 29. Qe4 f5 30. Qc4+ Kh8 31. g4 fxg4 32. hxg4 Rxd3 33. Qxd3 Qxg4+ 34. Kd2 Nf3+ 35. Ke2 Bf6 36. Nc4 Ne5+ 0-1

[Event "Managua Ramirez de Arellano Memorial"]
[Site "Managua"]
[Date "2022.07.23"]
[Round "1"]
[White "Quintero, Armando"]
[Black "Ruiz Treminio, Bismark"]
[Result "1-0"]
[WhiteElo "1809"]
[BlackElo "1230"]
[PlyCount "62"]
[EventDate "2022.07.23"]
[EventType "swiss"]
[EventRounds "9"]
[EventCountry "NCA"]
[SourceTitle "EXT 2024"]
[Source "ChessBase"]
[SourceDate "2023.10.10"]
[SourceVersion "1"]
[SourceVersionDate "2023.10.10"]
[SourceQuality "1"]

1. d4 d5 2. Nf3 Nf6 3. c4 c5 4. dxc5 Qa5+ 5. Nc3 dxc4 6. e4 Nxe4 7. Be2 Nc6 8. 0-0 Nxc3 9. bxc3 Qxc5 10. Be3 Qa3 11. Bxc4 Qxc3 12. Rc1 Qf6 13. Bg5 Qg6 14. Bd3 Bf5 15. Bxf5 Qxf5 16. Qa4 Qa5 17. Qb3 Qb4 18. Qd3 Rd8 19. Qe2 f6 20. Be3 e5 21. Rb1 Qe7 22. Rfc1 Rd7 23. Qc4 Rc7 24. Bxa7 Qf7 25. Qa4 Qd5 26. Bb6 Rd7 27. Rd1 Qf7 28. Qa8+ Ke7 29. Rxd7+ Kxd7 30. Qxb7+ Ke6 31. Qxc6+ Bd6 1-0

[Event "Managua Gomez Argenal Memorial"]
[Site "Managua"]
[Date "2021.06.06"]
[Round "4"]
[White "Quintero, Armando"]
[Black "Davila, Carlos"]
[Result "0-1"]
[WhiteElo "1852"]
[BlackElo "2202"]
[PlyCount "50"]
[EventDate "2021.05.29"]
[EventType "swiss"]
[EventRounds "9"]
[EventCountry "NCA"]
[SourceTitle "EXT 2022"]
[Source "ChessBase"]
[SourceDate "2021.10.06"]
[SourceVersion "1"]
[SourceVersionDate "2021.10.06"]
[SourceQuality "1"]

1. Nf3 g6 2. e4 Bg7 3. d4 d6 4. Nc3 Nf6 5. Be2 0-0 6. 0-0 a6 7. a4 Nc6 8. h3 e5 9. Bg5 Nxd4 10. Nxd4 exd4 11. Qxd4 h6 12. Bh4 g5 13. Bg3 Re8 14. Qd3 Nd7 15. f4 Nc5 16. Qd2 Bxc3 17. Qxc3 Nxe4 18. Qf3 Nxg3 19. Qxg3 Rxe2 20. h4 Bd7 21. fxg5 hxg5 22. Rxf7 Kxf7 23. Qf3+ Qf6 24. Qxe2 Qd4+ 25. Kf1 Rf8 0-1

[Event "NCA-ch sf"]
[Site "Managua"]
[Date "2021.02.21"]
[Round "5"]
[White "Cano, Carlos1"]
[Black "Quintero, Armando"]
[Result "0-1"]
[WhiteElo "1902"]
[BlackElo "1806"]
[PlyCount "68"]
[EventDate "2021.02.13"]
[EventType "swiss"]
[EventRounds "9"]
[EventCountry "NCA"]
[SourceTitle "EXT 2022"]
[Source "ChessBase"]
[SourceDate "2021.10.06"]
[SourceVersion "1"]
[SourceVersionDate "2021.10.06"]
[SourceQuality "1"]

1. d4 d5 2. Nf3 Nf6 3. c4 dxc4 4. g3 c5 5. Qa4+ Nc6 6. dxc5 e5 7. Qxc4 Be6 8. Qc2 e4 9. Ng5 Nd4 10. Qa4+ Qd7 11. Qd1 Bxc5 12. Nxe6 fxe6 13. Bg2 Rd8 14. e3 Bb4+ 15. Nc3 Nf3+ 16. Bxf3 exf3 17. Qxd7+ Rxd7 18. Bd2 Kf7 19. a3 Rhd8 20. axb4 Rxd2 21. Rxa7 R8d7 22. Rxb7 Rd1+ 23. Nxd1 Rxb7 24. Kd2 Ne4+ 25. Kd3 Rxb4 26. h4 e5 27. Rf1 Ke6 28. Nc3 Nc5+ 29. Kc2 e4 30. Rd1 h6 31. Rd4 Rxd4 32. exd4 e3 33. Nd1 e2 34. Kd2 Nd3 0-1

[Event "NCA-ch sf"]
[Site "Managua"]
[Date "2021.02.14"]
[Round "2"]
[White "Quintero, Armando"]
[Black "Pilarte Castro, Rene Ozmar"]
[Result "0-1"]
[WhiteElo "1806"]
[BlackElo "2069"]
[PlyCount "68"]
[EventDate "2021.02.13"]
[EventType "swiss"]
[EventRounds "9"]
[EventCountry "NCA"]
[SourceTitle "EXT 2022"]
[Source "ChessBase"]
[SourceDate "2021.10.06"]
[SourceVersion "1"]
[SourceVersionDate "2021.10.06"]
[SourceQuality "1"]

1. d4 d5 2. Nf3 Nf6 3. c4 c6 4. Nc3 dxc4 5. a4 Bf5 6. Ne5 e6 7. f3 Bb4 8. e4 Nxe4 9. fxe4 Qh4+ 10. Ke2 Bxc3 11. bxc3 Qxe4+ 12. Kf2 b5 13. axb5 cxb5 14. Qf3 f6 15. Qxe4 Bxe4 16. Nf3 Nd7 17. Be2 Nb6 18. Re1 Bc6 19. Ba3 Na4 20. Bxc4 bxc4 21. Rxe6+ Kd7 22. Re7+ Kd8 23. d5 Bxd5 24. Rd1 Nxc3 25. Rd4 Re8 26. Rxg7 Rb8 27. Nd2 Rb5 28. Nxc4 Re2+ 29. Kg3 Rxg2+ 30. Kh4 Rxg7 31. Nd6 Rb3 32. Bb4 Ne2 33. Ba5+ Kd7 34. Rxd5 Kc6 0-1

[Event "NCA-chT Final"]
[Site "Managua"]
[Date "2020.11.01"]
[Round "9.7"]
[White "Quintero, Armando"]
[Black "Valle Alonso, Moises Abraham"]
[Result "0-1"]
[WhiteElo "1855"]
[BlackElo "1874"]
[PlyCount "104"]
[EventDate "2020.10.24"]
[EventType "team-tourn"]
[EventRounds "11"]
[EventCountry "NCA"]
[SourceTitle "EXT 2022"]
[Source "ChessBase"]
[SourceDate "2021.10.06"]
[SourceVersion "1"]
[SourceVersionDate "2021.10.06"]
[SourceQuality "1"]

1. d4 Nf6 2. Nf3 e6 3. c4 b6 4. a3 Be7 5. Nc3 d5 6. Bf4 Bb7 7. cxd5 Nxd5 8. Nxd5 exd5 9. Rc1 Bd6 10. Bg5 f6 11. Bh4 0-0 12. e3 Nd7 13. Bd3 Re8 14. Qc2 Nf8 15. Bg3 c6 16. Nh4 g6 17. Nf3 Rc8 18. 0-0 Bxg3 19. hxg3 Qd6 20. Rfd1 c5 21. dxc5 Rxc5 22. Qd2 Rec8 23. b4 Rxc1 24. Rxc1 Rxc1+ 25. Qxc1 Nd7 26. Bb5 Ne5 27. Nd4 Kf7 28. f4 Nd7 29. g4 Nf8 30. Kf2 Ne6 31. Nc6 a6 32. Ba4 d4 33. exd4 Nxd4 34. Nxd4 Qxd4+ 35. Kg3 Qd6 36. Qe3 g5 37. Qe8+ Kg7 38. Qd7+ Qxd7 39. Bxd7 gxf4+ 40. Kxf4 Bxg2 41. Kf5 Bf3 42. Bc8 a5 43. bxa5 bxa5 44. Be6 h5 45. Kf4 hxg4 46. Bf5 Kf7 47. Kg3 Ke7 48. Kf4 Kd6 49. a4 Kd5 50. Bd7 Kc5 51. Bb5 Kb4 52. Bd7 Bd1 0-1

[Event "NCA-chT Final"]
[Site "Managua"]
[Date "2020.10.31"]
[Round "6.3"]
[White "Estrada, Miguel"]
[Black "Quintero, Armando"]
[Result "1/2-1/2"]
[WhiteElo "1878"]
[BlackElo "1855"]
[PlyCount "55"]
[EventDate "2020.10.24"]
[EventType "team-tourn"]
[EventRounds "11"]
[EventCountry "NCA"]
[SourceTitle "EXT 2022"]
[Source "ChessBase"]
[SourceDate "2021.10.06"]
[SourceVersion "1"]
[SourceVersionDate "2021.10.06"]
[SourceQuality "1"]

1. e4 d5 2. exd5 Qxd5 3. Nc3 Qd8 4. d4 Nf6 5. Nf3 Bg4 6. Be2 e6 7. 0-0 Nc6 8. Be3 Bd6 9. h3 Bh5 10. Nb5 Be7 11. c4 0-0 12. a3 Ne4 13. Rc1 Nd6 14. Nc3 Nf5 15. d5 Nxe3 16. fxe3 exd5 17. Nxd5 Bd6 18. Nd4 Bxe2 19. Qxe2 Qg5 20. Nf5 Be5 21. b4 g6 22. h4 Qd8 23. Qg4 h5 24. Nh6+ Kg7 25. Qg5 f6 26. Nf5+ Kf7 27. Nh6+ Kg7 28. Nf5+ 1/2-1/2

[Event "NCA-chT Final"]
[Site "Managua"]
[Date "2020.10.25"]
[Round "4.3"]
[White "Berrios, Natanael"]
[Black "Quintero, Armando"]
[Result "1-0"]
[WhiteElo "1857"]
[BlackElo "1855"]
[PlyCount "81"]
[EventDate "2020.10.24"]
[EventType "team-tourn"]
[EventRounds "11"]
[EventCountry "NCA"]
[SourceTitle "EXT 2022"]
[Source "ChessBase"]
[SourceDate "2021.10.06"]
[SourceVersion "1"]
[SourceVersionDate "2021.10.06"]
[SourceQuality "1"]

1. d4 Nf6 2. c4 e6 3. Nc3 Bb4 4. Qc2 c5 5. dxc5 Nc6 6. Nf3 Bxc5 7. a3 0-0 8. b4 Nd4 9. Qd1 Nxf3+ 10. gxf3 Be7 11. Bb2 d5 12. e3 Qc7 13. Nb5 Qd7 14. Rg1 g6 15. Qc2 a6 16. Nc3 dxc4 17. Bxc4 b5 18. Rd1 Qc6 19. Be2 Bb7 20. Qb1 Rfd8 21. Rg3 Rxd1+ 22. Bxd1 Rd8 23. Ne2 Qd7 24. Qc1 Nh5 25. Rh3 e5 26. f4 Qd6 27. Nc3 exf4 28. Bxh5 gxh5 29. exf4 h4 30. Ne2 Qd5 31. Nc3 Qg2 32. Re3 Bf6 33. Qc2 Qg1+ 34. Ke2 Bd4 35. Qd3 Bb6 36. Nd5 Bxd5 37. Qxd5 h6 38. Qxd8+ Bxd8 39. Re8+ Kh7 40. Rh8+ Kg6 41. Rg8+ 1-0

[Event "Managua Gomez Argenal Memorial"]
[Site "Managua"]
[Date "2020.06.20"]
[Round "7"]
[White "Quintero, Armando"]
[Black "Castillo, Rommel"]
[Result "1-0"]
[WhiteElo "1844"]
[BlackElo "1919"]
[PlyCount "39"]
[EventDate "2020.06.06"]
[EventType "swiss"]
[EventRounds "9"]
[EventCountry "NCA"]
[SourceTitle "CBM 197 Extra"]
[Source "ChessBase"]
[SourceDate "2020.09.30"]
[SourceVersion "1"]
[SourceVersionDate "2020.09.30"]
[SourceQuality "1"]

1. d4 Nf6 2. Nf3 g6 3. g3 Bg7 4. Bg2 d5 5. 0-0 Bg4 6. Ne5 Be6 7. c4 c6 8. Nc3 Nbd7 9. Nd3 dxc4 10. Nf4 Nf8 11. e4 Qa5 12. Bd2 Qc7 13. d5 cxd5 14. exd5 Bd7 15. Re1 g5 16. Nh5 Nxh5 17. Qxh5 h6 18. Rxe7+ Kxe7 19. Re1+ Ne6 20. dxe6 1-0

[Event "Managua Gomez Argenal Memorial"]
[Site "Managua"]
[Date "2020.06.07"]
[Round "3"]
[White "Quintero, Armando"]
[Black "Berrios Vanegas, Yanko Antonio"]
[Result "1-0"]
[WhiteElo "1844"]
[BlackElo "1462"]
[PlyCount "79"]
[EventDate "2020.06.06"]
[EventType "swiss"]
[EventRounds "9"]
[EventCountry "NCA"]
[SourceTitle "CBM 197 Extra"]
[Source "ChessBase"]
[SourceDate "2020.09.30"]
[SourceVersion "1"]
[SourceVersionDate "2020.09.30"]
[SourceQuality "1"]

1. Nf3 Nf6 2. c4 d6 3. d4 c6 4. Nc3 e6 5. e4 Be7 6. Bd3 Nbd7 7. 0-0 e5 8. b4 exd4 9. Nxd4 Ne5 10. Be2 0-0 11. f4 Ng6 12. Be3 c5 13. bxc5 dxc5 14. Nf5 Bxf5 15. exf5 Nh8 16. Qc2 Re8 17. Bf2 b6 18. Rad1 Qc7 19. Bh4 Rad8 20. Bxf6 Bxf6 21. Nd5 Rxd5 22. cxd5 Qd6 23. Bb5 Re7 24. Rfe1 Rxe1+ 25. Rxe1 h6 26. Re8+ Kh7 27. Qe4 Bd4+ 28. Kf1 Qf6 29. g3 h5 30. Ra8 a5 31. Qe8 Qxf5 32. Qxh8+ Kg6 33. Qe8 Qb1+ 34. Kg2 Qg1+ 35. Kh3 Qd1 36. Qe4+ Kf6 37. Rb8 c4 38. Bxc4 Bc5 39. Qe5+ Kg6 40. Be2 1-0

[Event "NCA-ch 2nd phase"]
[Site "Managua"]
[Date "2019.01.26"]
[Round "4"]
[White "Quintero, Armando"]
[Black "Diego Martinez, Humberto Jose"]
[Result "0-1"]
[WhiteElo "1855"]
[BlackElo "2029"]
[PlyCount "102"]
[EventDate "2019.01.19"]
[EventType "swiss"]
[EventRounds "9"]
[EventCountry "NCA"]
[SourceTitle "CBM 189 Extra"]
[Source "ChessBase"]
[SourceDate "2019.05.31"]
[SourceVersion "1"]
[SourceVersionDate "2019.05.31"]
[SourceQuality "1"]

1. Nf3 d5 2. c4 c6 3. e3 Nf6 4. Nc3 e6 5. b3 Nbd7 6. Bb2 Bd6 7. h3 Qe7 8. d4 0-0 9. Bd3 dxc4 10. Bxc4 e5 11. Qc2 exd4 12. Nxd4 Ne5 13. Be2 g6 14. 0-0 a6 15. Bd1 c5 16. Nde2 Nc6 17. a3 Bf5 18. Qc1 Rad8 19. Bc2 Bc8 20. f4 c4 21. e4 cxb3 22. Bxb3 Bc5+ 23. Kh1 Nd4 24. Nxd4 Bxd4 25. e5 Nh5 26. Ne2 Bxb2 27. Qxb2 Rd3 28. Bc4 Re3 29. Rf2 Qc5 30. Rc1 Rxh3+ 31. Kg1 Rh1+ 32. Kxh1 Qxf2 33. Qd4 Qxd4 34. Nxd4 Nxf4 35. a4 Rd8 36. Nf3 Be6 37. Bf1 h6 38. Kh2 g5 39. Rc7 Rb8 40. g3 Nd5 41. Rc2 Ne3 42. Rc1 Nxf1+ 43. Rxf1 b5 44. axb5 axb5 45. Nd4 b4 46. Nc6 Rb6 47. Nd4 b3 48. Nxe6 Rxe6 49. Rb1 Rb6 50. Rb2 Kf8 51. Kh3 Ke7 0-1

[Event "Managua Hurtado Memorial 17th"]
[Site "Managua"]
[Date "2017.12.13"]
[Round "4"]
[White "Quintero, Armando"]
[Black "Giron, Jorge Ernesto"]
[Result "0-1"]
[WhiteElo "1861"]
[BlackElo "2249"]
[PlyCount "87"]
[EventDate "2017.12.11"]
[EventType "swiss"]
[EventRounds "9"]
[EventCountry "NCA"]
[SourceTitle "CBM 182 Extra"]
[Source "ChessBase"]
[SourceDate "2018.02.23"]
[SourceVersion "1"]
[SourceVersionDate "2018.02.23"]
[SourceQuality "1"]

1. Nf3 c5 2. d4 Nf6 3. c4 e6 4. Nc3 cxd4 5. Nxd4 b6 6. e4 d6 7. g3 Bb7 8. Bg2 Nbd7 9. 0-0 a6 10. Re1 Qc7 11. b3 Be7 12. Bb2 Rc8 13. Rc1 0-0 14. Qe2 Rfe8 15. Red1 Qb8 16. f3 Bd8 17. Qd2 Bc7 18. Qg5 h6 19. Qh4 Ne5 20. Nde2 Ng6 21. Qh3 d5 22. cxd5 exd5 23. exd5 Nxd5 24. Nd4 Ne3 25. Re1 Rcd8 26. Ne4 Bc8 27. Qh5 Rxe4 28. fxe4 Bg4 29. Nc6 Qa8 30. e5 Kh7 31. Qxg6+ fxg6 32. Rxe3 Rd2 33. h3 Bd7 34. Be4 Qe8 35. Bc3 Rxa2 36. Nb4 Ra3 37. Nd5 Bb8 38. Bb4 Ra2 39. Ne7 Bxe5 40. Bxg6+ Qxg6 41. Nxg6 Bd4 42. Nf8+ Kg8 43. Rce1 Bxh3 44. Ng6 0-1

[Event "NCA-chT final"]
[Site "Managua"]
[Date "2017.10.29"]
[Round "6.2"]
[White "Quintero, Armando"]
[Black "Pilarte Tijerino, Rene Antonio"]
[Result "0-1"]
[WhiteElo "1861"]
[BlackElo "2128"]
[PlyCount "94"]
[EventDate "2017.10.21"]
[EventType "team-tourn"]
[EventRounds "9"]
[EventCountry "NCA"]
[SourceTitle "CBM 181 Extra"]
[Source "ChessBase"]
[SourceDate "2017.12.12"]
[SourceVersion "1"]
[SourceVersionDate "2017.12.12"]
[SourceQuality "1"]

1. Nf3 Nf6 2. d4 g6 3. Nc3 d5 4. Bf4 Bg7 5. e3 0-0 6. Bd3 a6 7. 0-0 c5 8. dxc5 Nbd7 9. Ne5 Nxc5 10. Be2 Bf5 11. g4 Be6 12. h3 Rc8 13. Bf3 Nfe4 14. Nxe4 Nxe4 15. c3 f6 16. Nd3 Bf7 17. Bg2 e5 18. Bh2 Qb6 19. Re1 Rfd8 20. Qe2 Rd7 21. Rad1 Rcd8 22. Qc2 Nc5 23. Nxc5 Qxc5 24. Qa4 b5 25. Qa5 h5 26. a4 hxg4 27. hxg4 Qc4 28. Bf3 Qxa4 29. Qxa4 bxa4 30. Ra1 Rb8 31. Rxa4 Rxb2 32. Rxa6 Rdb7 33. e4 Rb1 34. Ra8+ Kh7 35. Ra1 Rxe1+ 36. Rxe1 Rc7 37. exd5 Rxc3 38. Be4 Rc4 39. f3 Rd4 40. Kf2 Bxd5 41. Rh1 Kg8 42. Bxg6 Rxg4 43. fxg4 Bxh1 44. Bg3 Bh6 45. Bh4 Kg7 46. Bf5 Bc6 47. Ke2 Bb5+ 0-1

[Event "NCA-chT final"]
[Site "Managua"]
[Date "2017.10.22"]
[Round "2.2"]
[White "Garcia, Antonio3"]
[Black "Quintero, Armando"]
[Result "0-1"]
[WhiteElo "1924"]
[BlackElo "1861"]
[PlyCount "100"]
[EventDate "2017.10.21"]
[EventType "team-tourn"]
[EventRounds "9"]
[EventCountry "NCA"]
[SourceTitle "CBM 181 Extra"]
[Source "ChessBase"]
[SourceDate "2017.12.12"]
[SourceVersion "1"]
[SourceVersionDate "2017.12.12"]
[SourceQuality "1"]

1. c4 Nf6 2. Nc3 c5 3. Nf3 Nc6 4. d4 cxd4 5. Nxd4 g6 6. e4 d6 7. Be2 Bg7 8. Be3 0-0 9. 0-0 h5 10. Rc1 Ng4 11. Nxc6 bxc6 12. Bg5 Qc7 13. h3 Nf6 14. Qd2 Rb8 15. b3 Re8 16. Rfd1 Be6 17. Qe3 Qa5 18. Na4 Nd7 19. c5 Nxc5 20. Nxc5 dxc5 21. Qxc5 Qxa2 22. Rd2 Qxb3 23. Qxa7 c5 24. Rdc2 Bd4 25. Qa6 Qg3 26. Be3 Bxe3 27. fxe3 Qxe3+ 28. Kh1 Qxe4 29. Bf3 Qf4 30. Rxc5 Rb2 31. Qc6 Reb8 32. Qe4 Qf6 33. Qe3 Rb1 34. Be4 Rxc1+ 35. Rxc1 Kg7 36. Kg1 Rb3 37. Qf2 Qe5 38. Bf3 Rb2 39. Qc5 Qxc5+ 40. Rxc5 h4 41. Ra5 Kf6 42. Bc6 g5 43. Bf3 Bf5 44. Bc6 Bg6 45. Bf3 e5 46. Ra4 Rd2 47. Bg4 e4 48. Kf1 Ke5 49. Kg1 Kf4 50. Kf1 Kg3 0-1

[Event "NCA-chT"]
[Site "Managua"]
[Date "2015.11.21"]
[Round "4.3"]
[White "Quintero, Armando"]
[Black "Flores, Manuel"]
[Result "1/2-1/2"]
[WhiteElo "1835"]
[BlackElo "1990"]
[PlyCount "40"]
[EventDate "2015.11.14"]
[EventType "team-tourn"]
[EventRounds "9"]
[EventCountry "NCA"]
[SourceTitle "EXT 2018"]
[Source "ChessBase"]
[SourceDate "2017.10.13"]
[SourceVersion "1"]
[SourceVersionDate "2017.10.13"]
[SourceQuality "1"]
[WhiteTeam "Jose Raul Capablanca"]
[BlackTeam "Granados Lazaro"]
[WhiteTeamCountry "NCA"]
[BlackTeamCountry "NCA"]

1. Nf3 Nf6 2. d4 d5 3. c4 e6 4. Nc3 Be7 5. Bg5 0-0 6. Rc1 c6 7. e3 Nbd7 8. Bd3 h6 9. Bh4 dxc4 10. Bxc4 Nd5 11. Bxe7 Qxe7 12. 0-0 Rd8 13. Nxd5 exd5 14. Bd3 Nf6 15. h3 Be6 16. a3 Rac8 17. Qe2 c5 18. dxc5 Rxc5 19. Nd4 Rdc8 20. Rxc5 Rxc5 1/2-1/2

[Event "NCA-chT"]
[Site "Managua"]
[Date "2015.11.15"]
[Round "3.4"]
[White "Quintero, Armando"]
[Black "Mejia, Donaldo"]
[Result "0-1"]
[WhiteElo "1835"]
[BlackElo "1810"]
[PlyCount "68"]
[EventDate "2015.11.14"]
[EventType "team-tourn"]
[EventRounds "9"]
[EventCountry "NCA"]
[SourceTitle "EXT 2018"]
[Source "ChessBase"]
[SourceDate "2017.10.13"]
[SourceVersion "1"]
[SourceVersionDate "2017.10.13"]
[SourceQuality "1"]
[WhiteTeam "Jose Raul Capablanca"]
[BlackTeam "Caruna"]
[WhiteTeamCountry "NCA"]
[BlackTeamCountry "NCA"]

1. Nf3 g6 2. e4 d6 3. d4 Bg7 4. Bc4 Nc6 5. 0-0 e5 6. Ng5 Nh6 7. d5 Ne7 8. Nc3 0-0 9. f4 exf4 10. Bxf4 Ng4 11. Qf3 h6 12. Nh3 g5 13. Bg3 Ng6 14. Nf2 N4e5 15. Qe2 g4 16. Bb3 h5 17. Nd3 h4 18. Nxe5 Bxe5 19. Bxe5 Nxe5 20. Qe3 h3 21. gxh3 Nf3+ 22. Kh1 Qh4 23. Rxf3 gxf3 24. e5 Bxh3 25. Qxf3 Kh8 26. Ne4 Rg8 27. Ng3 dxe5 28. c4 f5 29. Rg1 Bg4 30. Qc3 Kh7 31. Bc2 e4 32. Bd1 Rg6 33. Qe5 Rag8 34. Nxf5 Bf3+ 0-1

[Event "Managua Hurtado Memorial"]
[Site "Managua"]
[Date "2010.12.29"]
[Round "6"]
[White "Pichardo, Carlos"]
[Black "Quintero, Armando"]
[Result "1-0"]
[WhiteElo "1806"]
[BlackElo "1805"]
[PlyCount "35"]
[EventDate "2010.12.26"]
[EventType "swiss"]
[EventRounds "9"]
[EventCountry "NCA"]
[SourceTitle "EXT 2024"]
[Source "ChessBase"]
[SourceDate "2023.10.10"]
[SourceVersion "1"]
[SourceVersionDate "2023.10.10"]
[SourceQuality "1"]

1. d4 Nf6 2. c4 e6 3. Nf3 d5 4. Bf4 Bd6 5. Bxd6 cxd6 6. Nc3 dxc4 7. Qa4+ Nbd7 8. Qxc4 0-0 9. e4 a6 10. a4 b5 11. Qc6 b4 12. Nb1 Ra7 13. Nbd2 Nb6 14. a5 Na8 15. Bd3 d5 16. e5 Bb7 17. Qc5 Ne4 18. Qxa7 1-0